000 00308nam a2200133Ia 4500
008 190216s9999||||xx |||||||||||||| ||und||
100 _aHerstein I N
245 0 _aTopics In Algebra
250 _a2nd Ed.
260 _bVani Educational Books
_c1985
300 _a388p
650 _aMathematics
942 _cBK
999 _c30868
_d30868